MARC details
| 000 -CABECERA |
| campo de control de longitud fija |
01009nam a22002777a 4500 |
| 005 - FECHA Y HORA DE LA ÚLTIMA TRANSACCIÓN |
| campo de control |
20260108064025.0 |
| 007 - CAMPO FIJO DE DESCRIPCIÓN FÍSICA--INFORMACIÓN GENERAL |
| campo de control de longitud fija |
cr |||aaa||||| |
| 008 - ELEMENTOS DE LONGITUD FIJA--INFORMACIÓN GENERAL |
| campo de control de longitud fija |
250614s2016 ck|abcofof||| 001 0 spa d |
| 020 ## - NÚMERO INTERNACIONAL NORMALIZADO PARA LIBROS |
| Número Internacional Estándar del Libro |
9789587227567 |
| 040 ## - FUENTE DE LA CATALOGACIÓN |
| Centro catalogador/agencia de origen |
MX-MxUPN |
| Lengua de catalogación |
spa |
| Centro/agencia transcriptor |
MX-MxUPN |
| Normas de descripción |
aacr2 |
| 041 ## - CÓDIGO DE IDIOMA |
| Código de lengua del texto/banda sonora o título independiente |
spa |
| 050 ## - SIGNATURA TOPOGRÁFICA DE LA BIBLIOTECA DEL CONGRESO |
| Número de clasificación |
LC2017 |
| 100 ## - ASIENTO PRINCIPAL--NOMBRE PERSONAL |
| Nombre de persona |
Cisneros Estupiñán, Mireya |
| 9 (RLIN) |
57009 |
| 100 ## - ASIENTO PRINCIPAL--NOMBRE PERSONAL |
| Nombre de persona |
Rojas García, Irene |
| 9 (RLIN) |
57010 |
| 100 ## - ASIENTO PRINCIPAL--NOMBRE PERSONAL |
| Nombre de persona |
Olave Arias, Giohanny |
| 9 (RLIN) |
57011 |
| 245 ## - MENCIÓN DE TÍTULO |
| Título |
Hacia la desfragmentación de la didáctica de la lengua materna |
| Medio |
[recurso electrónico en línea] |
| 260 ## - PUBLICACIÓN, DISTRIBUCIÓN, ETC. |
| Lugar de publicación, distribución, etc. |
Pereira, Colombia : |
| Nombre del editor, distribuidor, etc. |
Editorial Universidad Tecnológica de Pereira, |
| Fecha de publicación, distribución, etc. |
2016 |
| 300 ## - DESCRIPCIÓN FÍSICA |
| Extensión |
1 recurso electrónico (172 páginas) : |
| Otras características físicas |
PDF |
| 490 ## - MENCIÓN DE SERIE |
| Mención de serie |
Trabajos de investigación |
| 500 ## - NOTA GENERAL |
| Nota general |
Incluye bibliografía |
| 650 #0 - ASIENTO SECUNDARIO DE MATERIA - TERMINO TEMATICO |
| Término de materia o nombre geográfico como elemento de entrada |
Lingüística aplicada |
| 9 (RLIN) |
57012 |
| 650 #4 - ASIENTO SECUNDARIO DE MATERIA - TERMINO TEMATICO |
| Término de materia o nombre geográfico como elemento de entrada |
Lengua materna |
| Subdivisión general |
Estudio y enseñanza |
| 9 (RLIN) |
18081 |
| 856 ## - LOCALIZACIÓN Y ACCESO ELECTRÓNICOS |
| Identificador Uniforme del Recurso |
<a href="https://hdl.handle.net/11059/15519">https://hdl.handle.net/11059/15519</a> |
| 902 ## - ELEMENTOS DE DATOS B LOCAL, LDB (RLIN) |
| Creó |
Maiella Martínez / 14062025 |
| 942 ## - ELEMENTOS DE PUNTO DE ACCESO ADICIONAL (KOHA) |
| Fuente del sistema de clasificación o colocación |
Library of Congress Classification |
| Tipo de ítem Koha |
Libro Electrónico |